| 000 | 00448nam a2200157Ia 4500 | ||
|---|---|---|---|
| 999 |
_c19556 _d19556 |
||
| 003 | OSt | ||
| 005 | 20200706132433.0 | ||
| 008 | 190216s9999||||xx |||||||||||||| ||und|| | ||
| 040 | _coclc | ||
| 082 |
_a912 _bLON/N |
||
| 100 |
_aLongman, Orient _93569 |
||
| 245 | 4 | _aThe New Tajmahal Atlas of Comparitive Geography | |
| 260 |
_bOrient Longman, _c1983. _aHyderbad: |
||
| 300 | _a64p | ||
| 942 |
_cBK _2ddc _h912 _iLON/N _k912 _mLON/N |
||